| 000 | 00437 a2200145 4500 | ||
|---|---|---|---|
| 020 | _a0006165591 | ||
| 040 |
_aDLC _bDLC |
||
| 082 | _a823.912 | ||
| 100 | _aChristie, Agatha. | ||
| 245 |
_aThey do it with mirrors _cChristie, Agatha |
||
| 260 |
_aLondon: _bHarper Collins Publishers, _c1955. |
||
| 300 |
_a218 p. ; _c19 cm |
||
| 650 | _a 1.Marple, Jane (Fictitious character) --Fiction.2.Detective and mystery stories | ||
| 942 |
_cBK _2ddc |
||
| 999 |
_c481880 _d481880 |
||